000 00430nam a2200169Ia 4500
008 210210b1976 xxu||||| |||| 00| 0 eng d
020 _a0 7121 1393 2
082 _a651.75 GARM
100 _aGARTSIDE (L).
245 _aModern business correspondence. Ed 3.
250 _a
260 _aLondon.
_bE L B S,
_c1976
300 _axiii,465
650 _aBusiness Correspondence
690 _aCorrespondence
906 _a033427
999 _c84531
_d84531